|
|
|
|
| LEADER |
00000cam a22000004a 4500 |
| 001 |
musev2_78596 |
| 003 |
MdBmJHUP |
| 005 |
20230905052116.0 |
| 006 |
m o d |
| 007 |
cr||||||||nn|n |
| 008 |
040728s2004 wvu o 00 0 eng d |
| 010 |
|
|
|z 2004111042
|
| 020 |
|
|
|a 9781935978268
|
| 020 |
|
|
|z 9781938228360
|
| 020 |
|
|
|z 9780937058947
|
| 035 |
|
|
|a (OCoLC)1257683227
|
| 040 |
|
|
|a MdBmJHUP
|c MdBmJHUP
|
| 050 |
0 |
4 |
|a PS3564.I355
|b F53 2004
|
| 082 |
0 |
|
|a 813/.54
|2 22
|
| 100 |
1 |
|
|a Nieman, Valerie,
|d 1955-
|
| 245 |
1 |
0 |
|a FIDELITIES /
|c by Valerie Nieman.
|
| 250 |
|
|
|a 1st ed.
|
| 264 |
|
1 |
|a Morgantown [W. Va.] :
|b Vandalia Press,
|c 2004.
|
| 264 |
|
3 |
|a Baltimore, Md. :
|b Project MUSE,
|c 2021
|
| 264 |
|
4 |
|c ©2004.
|
| 300 |
|
|
|a 1 online resource (162 pages).
|
| 336 |
|
|
|a text
|b txt
|2 rdacontent
|
| 337 |
|
|
|a computer
|b c
|2 rdamedia
|
| 338 |
|
|
|a online resource
|b cr
|2 rdacarrier
|
| 505 |
0 |
|
|a Worth -- Delivering the message -- Something like Delilah -- Himself -- Knockdown -- Where happiness is expected -- Flesh and blood -- Be an angel -- Westgate -- May apple -- Learning to draw with perspective -- Edges -- Act of grace -- Pas de deux -- Housecleaning -- Trout -- Control -- Crunch.
|
| 588 |
|
|
|a Description based on print version record.
|
| 655 |
|
7 |
|a Electronic books.
|2 local
|
| 710 |
2 |
|
|a Project Muse.
|e distributor
|
| 830 |
|
0 |
|a Book collections on Project MUSE.
|
| 856 |
4 |
0 |
|z Texto completo
|u https://projectmuse.uam.elogim.com/book/78596/
|
| 945 |
|
|
|a Project MUSE - Custom Collection
|